Global climate change: turning knowledge into action (Record no. 1308872)
[ view plain ]
| 000 -LEADER | |
|---|---|
| fixed length control field | 01734nam a2200229 4500 |
| 005 - DATE AND TIME OF LATEST TRANSACTION | |
| control field | 20250411135908.0 |
| 008 - FIXED-LENGTH DATA ELEMENTS--GENERAL INFORMATION | |
| fixed length control field | 250411b |||||||| |||| 00| 0 eng d |
| 020 ## - INTERNATIONAL STANDARD BOOK NUMBER | |
| International Standard Book Number | 9780367704957 |
| 037 ## - SOURCE OF ACQUISITION | |
| Terms of availability | Textual |
| 040 ## - CATALOGING SOURCE | |
| Original cataloging agency | RTL |
| Transcribing agency | RTL |
| 084 ## - COLON CLASSIFICATION NUMBER | |
| Classification number | U287:(G:55) R4 |
| Assigning agency | RTL |
| 100 ## - MAIN ENTRY--PERSONAL NAME | |
| Personal name | Kitchen, David |
| 9 (RLIN) | 752168 |
| 245 ## - TITLE STATEMENT | |
| Title | Global climate change: turning knowledge into action |
| 250 ## - EDITION STATEMENT | |
| Edition statement | 2nd |
| 260 ## - PUBLICATION, DISTRIBUTION, ETC. | |
| Place of publication, distribution, etc. | London |
| Name of publisher, distributor, etc. | Routledge |
| Date of publication, distribution, etc. | 2024 |
| 300 ## - PHYSICAL DESCRIPTION | |
| Extent | xli, 362 p. |
| Other physical details | Includes glossary, credits and index |
| 520 ## - SUMMARY, ETC. | |
| Summary, etc. | Earth’s climate is changing. This book investigates the scientific, environmental, social, political, and economic aspects of climate change. It enables students to reach an informed opinion and encourages active engagement in finding solutions. It begins with a strong introduction to the scientific factors that drive natural and anthropogenic climate change and expands over three chapters to explore the impact of greenhouse gases on the distribution of solar energy across land, sea, ice, and air. The author examines geologically ancient climates in order to highlight possible future scenarios, and case studies from around the world highlight the impact of climate change on the physical and human environment. The final chapters investigate how society can respond to the challenges of climate change and overcome the political, social, and economic factors that are barriers to progress, focusing on the role of energy policy, fiscal policy, and risk assessment as a means to stimulate discussion about science, society, and the role of the media. |
| 650 ## - SUBJECT ADDED ENTRY--TOPICAL TERM | |
| Topical term or geographic name entry element | Earth Sciences |
| 9 (RLIN) | 643242 |
| 650 ## - SUBJECT ADDED ENTRY--TOPICAL TERM | |
| Topical term or geographic name entry element | Natural Hazards & Risk |
| 9 (RLIN) | 752169 |
| 650 ## - SUBJECT ADDED ENTRY--TOPICAL TERM | |
| Topical term or geographic name entry element | Geography |
| 942 ## - ADDED ENTRY ELEMENTS (KOHA) | |
| Source of classification or shelving scheme | Colon Classification (CC) |
| Suppress in OPAC | No |
| Koha item type | Textbook |
| Classification part | U287:(G:55) R4 |
| Withdrawn status | Lost status | Source of classification or shelving scheme | Damaged status | Not for loan | Home library | Current library | Date acquired | Total Checkouts | Full call number | Barcode | Date last seen | Price effective from | Koha item type |
|---|---|---|---|---|---|---|---|---|---|---|---|---|---|
| Colon Classification (CC) | Ratan Tata Library | Ratan Tata Library | 2025-04-11 | U287:(G:55) R4 | RT1528305 | 2025-04-11 | 2025-04-11 | Textbook |
